Digitální spojovací systémy
Guardado en:
| Autor principal: | |
|---|---|
| Formato: | Libro |
| Lenguaje: | checo |
| Publicado: |
Praha :
České vysoké učení technické v Praze,
2000
|
| Materias: | |
| Etiquetas: |
Sin Etiquetas, Sea el primero en etiquetar este registro!
|
MARC
| LEADER | 00000nam a22000003a 4500 | ||
|---|---|---|---|
| 001 | stu56824 | ||
| 005 | 20150617225652.5 | ||
| 008 | 010209s2000----xr------------------cze-d | ||
| 020 | |a 80-01-01711-7 | ||
| 040 | |a STU |b slo | ||
| 041 | 0 | |a cze | |
| 044 | |a xr | ||
| 080 | |a 621.39 |7 stu_us_auth*stu8291 | ||
| 080 | |a 681.324 | ||
| 080 | |a 681.327.8(075.8) | ||
| 084 | |a B6210 |2 INS | ||
| 084 | |a B6220 |2 INS |7 stu_us_auth*stu5948 | ||
| 084 | |a B6230 |2 INS |7 stu_us_auth*stu6174 | ||
| 100 | 1 | |a Lojík, Václav |4 aut | |
| 245 | 1 | |a Digitální spojovací systémy | |
| 260 | |a Praha : |b České vysoké učení technické v Praze, |c 2000 | ||
| 300 | |a 96 s | ||
| 650 | 7 | |a komunikačné systémy |2 stusub | |
| 650 | 7 | |a číslicový prenos dát |2 stusub | |
| 650 | 7 | |a systémy prenosu dát |2 stusub | |
| 650 | 7 | |a signalizácia |2 stusub | |
| 996 | |b 284EK83801 |c E*83801 |l EE01 |s A |a 24 |w stu56824_0002 | ||